000 00567nam a2200181Ia 4500
008 100921s9999 xx 000 0 und d
082 _b40696
_a891.463 न 06
100 _aमहाडिक नलिनी.
245 _aवंश.
260 _bमनोकामना प्रकाशन, सांगली.
_c2006
300 _a128
_bकलाभारती वितरण,पुणे
365 _b140
520 _aललित-कथा.
630 _aवंश.
650 _aललित-कथा.
730 _aवंश.
942 _cBOOK
999 _c789809
_d789806